000 00467nam a2200181Ia 4500
001 14422
005 20260306164913.0
008 260306t1992||||xx |||||||||||||| ||spa||
041 _aESP
082 _a514.742
_bP54
100 _aPeitgen, Heinz-Otto
_eAUT
245 0 _aFractals for the classroom:
_bintroduction to fractals and chaos
260 _c1992
300 _axiv, 452 páginas :
_c24 cm.
650 _aGEN
654 _aCMA
942 _cLIB
_dJUS
_fJUS
_2ddc
_n
999 _c14422
_d14422